PRINCIPLES AND PRACTICE OF CLINICAL RESEARCH (Record no. 8303)

MARC details
000 -LEADER
fixed length control field 00504nam a22001817a 4500
005 - DATE AND TIME OF LATEST TRANSACTION
control field 20230509123946.0
008 - FIXED-LENGTH DATA ELEMENTS--GENERAL INFORMATION
fixed length control field 230509b |||||||| |||| 00| 0 eng d
020 ## - INTERNATIONAL STANDARD BOOK NUMBER
ISBN 978-0-12-849905-4
041 ## - LANGUAGE CODE
Language code of text/sound track or separate title eng
082 ## - DEWEY DECIMAL CLASSIFICATION NUMBER
Classification number 616 GAL-P
100 ## - MAIN ENTRY--AUTHOR NAME
Personal name GALLIN , JHON I .,OGNIBENE , FREDRICK P. AND JOHNSON , LAURA LEE
245 ## - TITLE STATEMENT
Title PRINCIPLES AND PRACTICE OF CLINICAL RESEARCH
250 ## - EDITION STATEMENT
Edition statement 4th ed.
260 ## - PUBLICATION, DISTRIBUTION, ETC. (IMPRINT)
Name of publisher ACADEMIC PRESS
300 ## - PHYSICAL DESCRIPTION
Number of Pages 806;P.
650 ## - SUBJECT ADDED ENTRY--TOPICAL TERM
Topical Term PHARMACY
General subdivision B. PHARMA
942 ## - ADDED ENTRY ELEMENTS (KOHA)
Koha item type Books
Holdings
Lost status Damaged status Collection code Home library Current library Shelving location Date acquired Source of acquisition Cost, normal purchase price Full call number Accession Number Koha item type
    PHARMACY JRU Library JRU Library Shelf - 21- H 08/05/2023 LOHIA BOOKS INTERNATIONAL 10650.00 616 GAL-P 27716 Books